Evaluación y validación de los modelos de capacidad, métricos y de personal, para el mejoramiento de la productividad en los módulos de capacidad restringida de Intel Costa Rica
Збережено в:
| Автор: | |
|---|---|
| Інші автори: | , |
| Формат: | Книга |
| Опубліковано: |
San José, C.R.
2003
|
| Предмети: | |
| Теги: |
Додати тег
Немає тегів, Будьте першим, хто поставить тег для цього запису!
|
MARC
| LEADER | 00000nam a2200000Ia 4500 | ||
|---|---|---|---|
| 003 | 009130 | ||
| 005 | 20221231144149.0 | ||
| 008 | 140114s2003 cr a m 000 ||s d | ||
| 040 | |c cru CEDI | ||
| 090 | |a TFG 4672 | ||
| 100 | |a Barquero Montealegre, Irene |9 7077 | ||
| 245 | |a Evaluación y validación de los modelos de capacidad, métricos y de personal, para el mejoramiento de la productividad en los módulos de capacidad restringida de Intel Costa Rica | ||
| 260 | |c 2003 |a San José, C.R. | ||
| 300 | |a xv, 107, [119] hojas : ilustraciones (algunas a color) | ||
| 500 | |a Proyecto de graduación (licenciatura en ingeniería Industrial)-- Universidad de Costa Rica. Facultad de Ingeniería. Escuela de Ingeniería Industrial | ||
| 650 | |x COMPONENTES INTEL DE COSTA RICA |x PRODUCCION |x EQUIPO Y ACCESORIOS |9 7080 | ||
| 700 | |9 7078 |a Leiva Monge, Carolina | ||
| 700 | |9 7079 |a Tenorio Calderón, Patricia | ||
| 942 | |c TFG | ||
| 999 | |c 17809 |d 17809 | ||
